000 00292nam a22001337a 4500
008 180904b xxu||||| |||| 00| 0 eng d
020 _a0226469859
041 _aeng
080 _a159.9
100 _a48
101 _aPSI
245 _aManagerial Psychology
_cLeavitt, H.J
942 _2udc
_cBK
999 _c47523
_d47523